[Event "BL 2425 FC Bayern München - USV TU Dres"]
[Site "?"]
[Date "2025.01.12"]
[Round "6.2"]
[White "Fedoseev, Vladimir"]
[Black "Pechac, Jergus"]
[Result "1-0"]
[WhiteElo "2717"]
[BlackElo "2599"]
[PlyCount "103"]
[EventDate "2025.??.??"]

1. d4 Nf6 2. c3 d5 3. Nf3 e6 4. Bf4 c5 5. e3 Bd6 6. Bd3 Bxf4 7. exf4 O-O 8. dxc5 Qc7 9. g3 Qxc5 10. Qe2 b6 11. Nbd2 a5 12. Nb3 Qd6 13. Nbd4 Ba6 14. Bxa6 Nxa6 15. O-O Nc5 16. Rad1 Rac8 17. Ne5 Rfe8 18. Rfe1 Nfd7 19. Ng4 Ne4 20. f5 e5 21. Nf3 h5 22. Ne3 Nef6 23. Ng5 d4 24. Nf3 Nd5 25. cxd4 Nxe3 26. Qxe3 e4 27. Nh4 Nf6 28. Qb3 Qd5 29. Qxd5 Nxd5 30. Re2 Kf8 31. Ng2 Rc4 32. h3 a4 33. g4 b5 34. Kh2 b4 35. Kg3 b3 36. axb3 axb3 37. Ne3 Nxe3 38. fxe3 hxg4 39. hxg4 Rec8 40. Rh2 Ke7 41. Ra1 Rc2 42. Ra7+ Kf6 43. Ra6+ Ke7 44. Rh7 Rxb2 45. Rxg7 Rb1 46. f6+ Kf8 47. Ra7 b2 48. Raxf7+ Ke8 49. Rb7 Kf8 50. Rh7 Rg1+ 51. Kf4 b1=N 52. Rh8# 1-0

[Event "BL 2425 FC Bayern München - USV TU Dres"]
[Site "?"]
[Date "2025.01.12"]
[Round "6.3"]
[White "Vogel, Roven"]
[Black "Santos Latasa, Jaime"]
[Result "1-0"]
[WhiteElo "2538"]
[BlackElo "2632"]
[PlyCount "61"]
[EventDate "2025.??.??"]

1. Nf3 e6 2. c4 d5 3. e3 Nf6 4. Nc3 Be7 5. b3 O-O 6. Bb2 b6 7. cxd5 exd5 8. Be2 Bb7 9. O-O Nbd7 10. Rc1 a6 11. Re1 Re8 12. Bf1 Ne4 13. Ne2 c5 14. d3 Nd6 15. Nf4 Rc8 16. g3 Rc7 17. Bg2 Nf6 18. Nd2 Nb5 19. a4 Na7 20. d4 Nc8 21. dxc5 bxc5 22. Be5 Rc6 23. Bxf6 Rxf6 24. Nb1 Nb6 25. a5 Nc8 26. Nc3 Qxa5 27. Ncxd5 Bxd5 28. Nxd5 Rh6 29. b4 Qa3 30. Rc3 Qb2 31. Re2 1-0

[Event "BL 2425 FC Bayern München - USV TU Dres"]
[Site "?"]
[Date "2025.01.12"]
[Round "6.4"]
[White "Dragnev, Valentin"]
[Black "Nisipeanu, Liviu-Dieter"]
[Result "0-1"]
[WhiteElo "2563"]
[BlackElo "2592"]
[PlyCount "76"]
[EventDate "2025.??.??"]

1. e4 e5 2. Nf3 Nc6 3. Bc4 Nf6 4. d3 Be7 5. O-O O-O 6. Re1 d6 7. a4 Na5 8. Ba2 c5 9. Nc3 Nc6 10. Bg5 Kh8 11. h3 Be6 12. Bxf6 Bxf6 13. Nd5 g6 14. c3 Bg7 15. Ne3 Bd7 16. Rb1 f5 17. b4 cxb4 18. cxb4 fxe4 19. dxe4 Nd4 20. Nxd4 exd4 21. Nc4 Qh4 22. Qd2 Be5 23. b5 Rf6 24. g3 Bxg3 25. fxg3 Qxg3+ 26. Qg2 Qh4 27. e5 Bxh3 28. Re4 Qh5 29. Qh2 Rf3 30. exd6 Rf5 31. Ne5 Raf8 32. Nf7+ R8xf7 33. Bxf7 Qf3 34. Re8+ Kg7 35. Qd2 Qg4+ 36. Kh1 Rh5 37. Bxg6 Bg2+ 38. Kg1 Rh1+ 0-1

[Event "BL 2425 FC Bayern München - USV TU Dres"]
[Site "?"]
[Date "2025.01.12"]
[Round "6.5"]
[White "Michalik, Peter"]
[Black "Alonso Rosell, Alvar"]
[Result "1-0"]
[WhiteElo "2558"]
[BlackElo "2544"]
[PlyCount "71"]
[EventDate "2025.??.??"]

1. d4 Nf6 2. c4 e6 3. Nf3 d5 4. Nc3 h6 5. g3 Be7 6. Bg2 O-O 7. O-O dxc4 8. Ne5 Nc6 9. Bxc6 bxc6 10. Nxc6 Qe8 11. Nxe7+ Qxe7 12. Qa4 a5 13. Qxc4 Ba6 14. Qc5 Qxc5 15. dxc5 Nd5 16. Nxd5 exd5 17. Re1 a4 18. Bd2 d4 19. Bf4 Rfe8 20. Rad1 Bxe2 21. Rxd4 c6 22. h3 Bf3 23. Re3 Rxe3 24. fxe3 Bd5 25. a3 Ra5 26. Bd6 Bb3 27. Rb4 Rb5 28. Rxb5 cxb5 29. c6 h5 30. e4 f6 31. Kf2 Kf7 32. Ke3 Ke8 33. Kd4 Kd8 34. Kc5 Bc4 35. Bf8 g6 36. Bg7 1-0

[Event "BL 2425 FC Bayern München - USV TU Dres"]
[Site "?"]
[Date "2025.01.12"]
[Round "6.6"]
[White "Lokander, Martin"]
[Black "Neef, Maximilian"]
[Result "1/2-1/2"]
[WhiteElo "2468"]
[BlackElo "2469"]
[PlyCount "108"]
[EventDate "2025.??.??"]

1. e4 e6 2. d4 d5 3. exd5 exd5 4. Nf3 Bd6 5. Bd3 Nc6 6. O-O Nge7 7. Re1 Bg4 8. c3 Qd7 9. Nbd2 f6 10. Nf1 O-O-O 11. Ne3 Bh5 12. b4 Rde8 13. a4 Nd8 14. b5 Ne6 15. Ba3 Bxa3 16. Rxa3 Ng5 17. Be2 Nxf3+ 18. Bxf3 Bxf3 19. Qxf3 Nf5 20. Nc2 Rxe1+ 21. Nxe1 Re8 22. Ra1 Qe6 23. Nd3 Qe4 24. Qxe4 dxe4 25. Nb4 Nd6 26. Kf1 f5 27. g3 g5 28. Ke2 Re6 29. h4 gxh4 30. gxh4 Rg6 31. h5 Rg4 32. Nd5 f4 33. Nf6 f3+ 34. Kd2 Rf4 35. Nd5 Nc4+ 36. Kc2 Rh4 37. Rg1 c6 38. bxc6 bxc6 39. Nf6 Rf4 40. Nxh7 e3 41. Kd3 exf2 42. Rf1 Nb2+ 43. Ke3 Rf5 44. h6 Rh5 45. Nf6 Rxh6 46. Ne4 Nxa4 47. Rxf2 Rh3 48. Rxf3 Rxf3+ 49. Kxf3 Nb2 50. Ke3 Kc7 51. Kd2 Kb6 52. Nd6 Kc7 53. Ne4 Kb6 54. Nd6 Kc7 1/2-1/2

[Event "BL 2425 FC Bayern München - USV TU Dres"]
[Site "?"]
[Date "2025.01.12"]
[Round "6.7"]
[White "Boensch, Uwe"]
[Black "Girel, Joseph"]
[Result "1-0"]
[WhiteElo "2464"]
[BlackElo "2490"]
[PlyCount "67"]
[EventDate "2025.??.??"]

1. d4 Nf6 2. c4 e6 3. Nf3 b6 4. a3 Bb7 5. Nc3 Ne4 6. Nxe4 Bxe4 7. Nd2 Bg6 8. e3 Be7 9. Be2 O-O 10. O-O d5 11. b4 c6 12. Bb2 Nd7 13. cxd5 cxd5 14. Ba6 Bd6 15. Qe2 Qe7 16. Rfc1 Nb8 17. Bd3 a5 18. b5 a4 19. Bxg6 hxg6 20. e4 dxe4 21. Nxe4 Bf4 22. Rc2 Ra7 23. g3 Bd6 24. d5 exd5 25. Nxd6 Qxd6 26. Rd1 Qe6 27. Qd2 Rd8 28. Re1 Qg4 29. h3 Qxh3 30. Qd4 Qh6 31. Rce2 Rad7 32. Re8+ Kh7 33. Rxd8 Rxd8 34. Kg2 1-0

[Event "BL 2425 FC Bayern München - USV TU Dres"]
[Site "?"]
[Date "2025.01.12"]
[Round "6.8"]
[White "Bischoff, Klaus"]
[Black "Tischbierek, Raj"]
[Result "1/2-1/2"]
[WhiteElo "2433"]
[BlackElo "2432"]
[PlyCount "41"]
[EventDate "2025.??.??"]

1. d4 d5 2. c4 c6 3. Nf3 Nf6 4. Nc3 dxc4 5. a4 Bg4 6. Ne5 Bh5 7. f3 Nfd7 8. Nxc4 e5 9. e4 Qh4+ 10. g3 Qf6 11. g4 exd4 12. Nb1 Qh4+ 13. Ke2 Bg6 14. Bf4 h5 15. Bg3 Qf6 16. g5 Qxg5 17. Qxd4 Qf6 18. Qxf6 Nxf6 19. Bh3 Nbd7 20. Nd6+ Bxd6 21. Bxd6 1/2-1/2

[Event "BL 2425 SV Deggendorf - SF Bad Mergenthe"]
[Site "?"]
[Date "2025.01.12"]
[Round "6.1"]
[White "Kazakouski, Valery"]
[Black "Narayanan S L"]
[Result "1-0"]
[WhiteElo "2562"]
[BlackElo "2638"]
[PlyCount "113"]
[EventDate "2025.??.??"]

1. e4 e5 2. Nf3 Nc6 3. Nc3 Nf6 4. d4 Bb4 5. Nxe5 Bxc3+ 6. bxc3 Qe7 7. f3 Nxe5 8. dxe5 Qxe5 9. Qd4 d6 10. a4 a5 11. Bd3 O-O 12. O-O Re8 13. Rb1 Nd7 14. Bb5 c6 15. Bd3 Nc5 16. Ba3 h5 17. Rf2 h4 18. Qxe5 Rxe5 19. Rd2 Nxa4 20. Bxd6 Re6 21. Bf1 Nxc3 22. Ra1 b5 23. Bb4 Na4 24. Rd8+ Kh7 25. Be1 h3 26. g3 Rf6 27. f4 Bb7 28. Rxa8 Bxa8 29. e5 Re6 30. Bxh3 Re7 31. Bxa5 c5 32. c4 Bc6 33. Bf5+ g6 34. cxb5 Bxb5 35. Bc2 Ra7 36. Be1 c4 37. Kf2 Ra6 38. Ke3 Kg7 39. g4 f6 40. Rb1 Bc6 41. exf6+ Kxf6 42. Kd4 Bd7 43. Bh4+ Kf7 44. Rb7 Ke8 45. f5 gxf5 46. gxf5 Rd6+ 47. Ke5 Rd2 48. Rb8+ Kf7 49. Be4 Re2 50. Kf4 Nc3 51. Bf3 Rxh2 52. Bh5+ Kg7 53. f6+ Kh7 54. f7 Nd5+ 55. Ke5 Rxh4 56. f8=Q Rxh5+ 57. Kd6 1-0

[Event "BL 2425 SV Deggendorf - SF Bad Mergenthe"]
[Site "?"]
[Date "2025.01.12"]
[Round "6.2"]
[White "Indjic, Aleksandar"]
[Black "Pultinevicius, Paulius"]
[Result "1-0"]
[WhiteElo "2647"]
[BlackElo "2579"]
[PlyCount "175"]
[EventDate "2025.??.??"]

1. Nf3 Nf6 2. c4 e6 3. g3 d5 4. Bg2 dxc4 5. Qa4+ Nbd7 6. Qxc4 a6 7. Qc2 c5 8. O-O b5 9. a4 Bb7 10. Nc3 Qb6 11. d3 Be7 12. e4 O-O 13. Be3 Ng4 14. Bf4 Bf6 15. Ne2 Rac8 16. axb5 axb5 17. h3 Nge5 18. Nxe5 Nxe5 19. Be3 Rfd8 20. Rfd1 b4 21. Nc1 Qb5 22. f4 Nd7 23. Nb3 Bd4 24. Bxd4 cxd4 25. Qf2 Nc5 26. Nxd4 Qd7 27. Nf3 Nb3 28. Rab1 Qc7 29. Qe3 Qc2 30. d4 Qxe4 31. Qxb3 Bd5 32. Qd3 Qxd3 33. Rxd3 Be4 34. Rbd1 Bxd3 35. Rxd3 Rc2 36. Rb3 Ra8 37. Rxb4 g6 38. g4 Ra2 39. f5 exf5 40. gxf5 Raxb2 41. Rxb2 Rxb2 42. fxg6 fxg6 43. Kh2 Kg7 44. Kg3 Kf6 45. h4 Rb3 46. Bh3 h6 47. Kf4 Ke7 48. Ke4 Kd6 49. Bg4 Rb1 50. Bc8 Ra1 51. Bh3 Rc1 52. Kd3 Ra1 53. Bg2 Ra5 54. Ke4 Ra1 55. Nd2 Re1+ 56. Kd3 Rg1 57. Nc4+ Ke7 58. Ne3 Kd6 59. Ke4 Ke7 60. d5 Ra1 61. Ke5 Re1 62. Kd4 Re2 63. Kd3 Rf2 64. Be4 Rf4 65. Bxg6 Kf6 66. Ng2 Rg4 67. Be4 Ke5 68. Bf3 Ra4 69. Ke3 Rb4 70. h5 Rb3+ 71. Kf2 Rd3 72. Kg3 Kf5 73. Nh4+ Kg5 74. Ng6 Kf5 75. Kf2 Ra3 76. Ke2 Rc3 77. Kd2 Ra3 78. Be2 Ra2+ 79. Ke3 Ra4 80. Bb5 Rb4 81. Bc6 Re4+ 82. Kd3 Rb4 83. Kc3 Rb1 84. Kd4 Rd1+ 85. Kc5 Rc1+ 86. Kb6 Kg5 87. d6 Rd1 88. Kc7 1-0

[Event "BL 2425 SV Deggendorf - SF Bad Mergenthe"]
[Site "?"]
[Date "2025.01.12"]
[Round "6.3"]
[White "Laurusas, Tomas"]
[Black "Sankalp Gupta"]
[Result "1/2-1/2"]
[WhiteElo "2580"]
[BlackElo "2550"]
[PlyCount "49"]
[EventDate "2025.??.??"]

1. d4 d5 2. c4 dxc4 3. Nf3 Nf6 4. e3 e6 5. Bxc4 c5 6. O-O a6 7. b3 cxd4 8. Nxd4 Be7 9. Bb2 O-O 10. Nd2 b5 11. Be2 Bb7 12. a4 bxa4 13. Rxa4 Nbd7 14. Bf3 Nd5 15. Nc4 Rc8 16. Qe2 Qc7 17. Raa1 Nc5 18. Na5 Ba8 19. Rfc1 Qb6 20. Nc4 Qb8 21. Ba3 Rfe8 22. Na5 Qb6 23. Nc4 Qb8 24. Na5 Qb6 25. Nc4 1/2-1/2

[Event "BL 2425 SV Deggendorf - SF Bad Mergenthe"]
[Site "?"]
[Date "2025.01.12"]
[Round "6.4"]
[White "Petrov, Martin"]
[Black "Rakotomaharo, Fy Antenaina"]
[Result "0-1"]
[WhiteElo "2550"]
[BlackElo "2430"]
[PlyCount "76"]
[EventDate "2025.??.??"]

1. e4 g6 2. d4 Bg7 3. Nc3 d6 4. Be3 a6 5. h4 h5 6. Nh3 Nc6 7. Ng5 Nh6 8. f3 O-O 9. Qd2 e5 10. dxe5 Nxe5 11. O-O-O b5 12. g4 hxg4 13. f4 Nf3 14. Nxf3 gxf3 15. f5 Ng4 16. Bg5 Qe8 17. h5 gxf5 18. exf5 Bxf5 19. Re1 Qc6 20. Nd5 Rfe8 21. Ne7+ Rxe7 22. Rxe7 f2 23. Rh4 Re8 24. Rxe8+ Qxe8 25. Qe2 Qe5 26. c3 Be6 27. Bd2 Qg3 28. Rh1 Be5 29. Qe4 Nh2 30. Bd3 f5 31. Qa8+ Kf7 32. Kc2 Bc4 33. Bxf5 f1=Q 34. Rxf1 Nxf1 35. Bg6+ Kg7 36. b3 Nxd2 37. bxc4 Qxc3+ 38. Kd1 Nxc4 0-1

[Event "BL 2425 SV Deggendorf - SF Bad Mergenthe"]
[Site "?"]
[Date "2025.01.12"]
[Round "6.5"]
[White "Razafindratsima, Timothe"]
[Black "Bogosavljevic, Boban"]
[Result "0-1"]
[WhiteElo "2476"]
[BlackElo "2475"]
[PlyCount "92"]
[EventDate "2025.??.??"]

1. e4 c5 2. Nf3 Nc6 3. Nc3 e5 4. Bc4 Be7 5. d3 Nf6 6. Nd2 d6 7. Nf1 Bg4 8. f3 Be6 9. Ne3 O-O 10. O-O Nd7 11. Ned5 Nb6 12. a4 Nb4 13. Nxb6 axb6 14. Kh1 Qd7 15. b3 f5 16. Bxe6+ Qxe6 17. Ba3 Nc6 18. Nd5 Bd8 19. c4 Ne7 20. Bb2 Nxd5 21. cxd5 Qd7 22. Qc2 Bg5 23. Qc4 Be3 24. Rae1 f4 25. Re2 h6 26. Bc1 Bd4 27. Bb2 b5 28. Qxb5 Qxb5 29. axb5 Ra2 30. Rb1 g5 31. b6 Kh7 32. h3 h5 33. Rd2 Rfa8 34. g4 fxg3 35. Rg2 Bf2 36. Bc3 g4 37. fxg4 hxg4 38. h4 Kg6 39. h5+ Kxh5 40. b4 cxb4 41. Bxb4 Ra1 42. Rgg1 Bxg1 43. Rxg1 Kh4 44. Be1 R8a2 45. Bxg3+ Kh3 46. Bxe5 Rxg1+ 0-1

[Event "BL 2425 SV Deggendorf - SF Bad Mergenthe"]
[Site "?"]
[Date "2025.01.12"]
[Round "6.7"]
[White "Neuman, Petr"]
[Black "Popovic, Dusan"]
[Result "1/2-1/2"]
[WhiteElo "2434"]
[BlackElo "2495"]
[PlyCount "83"]
[EventDate "2025.??.??"]

1. e4 g6 2. d4 d6 3. Nc3 Bg7 4. h3 Nc6 5. Nf3 Nf6 6. Be2 O-O 7. O-O e5 8. dxe5 dxe5 9. Qxd8 Rxd8 10. Bg5 Be6 11. Rfd1 h6 12. Be3 Ne8 13. Bc5 b6 14. Bb5 Nd4 15. Bxd4 exd4 16. Nd5 c5 17. a4 Bxd5 18. exd5 Nc7 19. Bc6 Rac8 20. c4 dxc3 21. bxc3 Bxc3 22. Rac1 Bf6 23. d6 Ne6 24. Bb5 Nf8 25. g3 a6 26. Bxa6 Rc6 27. d7 Rxd7 28. Rxd7 Nxd7 29. Rd1 Ne5 30. Nxe5 Bxe5 31. Rd8+ Kg7 32. Bc4 Rd6 33. Rxd6 Bxd6 34. Kf1 f5 35. Ke2 Kf6 36. f4 g5 37. Kf3 Bc7 38. h4 gxf4 39. gxf4 Kg6 40. Kg3 Bd8 41. h5+ Kf6 42. Kf3 1/2-1/2

[Event "BL 2425 SK Kirchweyhe - USV TU Dresden"]
[Site "?"]
[Date "2025.02.01"]
[Round "7.1"]
[White "Bartel, Mateusz"]
[Black "Saric, Ivan"]
[Result "1/2-1/2"]
[WhiteElo "2629"]
[BlackElo "2661"]
[PlyCount "62"]
[EventDate "2025.??.??"]

1. e4 e5 2. Nf3 Nc6 3. Bb5 a6 4. Ba4 Nf6 5. d3 b5 6. Bb3 Be7 7. O-O d6 8. c3 O-O 9. h3 Na5 10. Bc2 c5 11. d4 cxd4 12. cxd4 Bd7 13. Nc3 Rc8 14. a3 Qc7 15. d5 Bd8 16. Bd3 Nb7 17. Re1 Qb8 18. Bf1 Ne8 19. Be3 g6 20. Na2 Nc5 21. Nb4 Bb6 22. Rc1 Qb7 23. Qc2 Nf6 24. Nc6 Ncxe4 25. Bxb6 Qxb6 26. Ne7+ Kg7 27. Nxc8 Rxc8 28. Qe2 Ng3 29. Qd2 Nge4 30. Qe2 Ng3 31. Qd2 Nge4 1/2-1/2

[Event "BL 2425 SK Kirchweyhe - USV TU Dresden"]
[Site "?"]
[Date "2025.02.01"]
[Round "7.2"]
[White "Brkic, Ante"]
[Black "Pechac, Jergus"]
[Result "0-1"]
[WhiteElo "2606"]
[BlackElo "2603"]
[PlyCount "80"]
[EventDate "2025.??.??"]

1. e4 e5 2. Nf3 Nc6 3. Bb5 Nf6 4. O-O Nxe4 5. Re1 Nd6 6. Nxe5 Be7 7. Bf1 Nxe5 8. Rxe5 O-O 9. d4 Bf6 10. Re1 Re8 11. Bf4 Rxe1 12. Qxe1 Ne8 13. Qc3 d5 14. Nd2 Nd6 15. a4 a5 16. Re1 Be6 17. Nf3 h6 18. h3 Nc4 19. b3 Nd6 20. Bd3 c6 21. Qd2 Bf5 22. Bxf5 Nxf5 23. Be5 Nh4 24. Qf4 Bg5 25. Qg4 Nxf3+ 26. Qxf3 Qe7 27. Re2 Re8 28. Kf1 Qa3 29. g3 Qc1+ 30. Kg2 Qd1 31. h4 Bxh4 32. gxh4 f6 33. c4 fxe5 34. Rxe5 Qxf3+ 35. Kxf3 Rxe5 36. dxe5 h5 37. cxd5 cxd5 38. e6 Kf8 39. Kf4 d4 40. Ke4 g5 0-1

[Event "BL 2425 SK Kirchweyhe - USV TU Dresden"]
[Site "?"]
[Date "2025.02.01"]
[Round "7.3"]
[White "Vogel, Roven"]
[Black "Predojevic, Borki"]
[Result "1/2-1/2"]
[WhiteElo "2550"]
[BlackElo "2563"]
[PlyCount "42"]
[EventDate "2025.??.??"]

1. d4 Nf6 2. c4 e6 3. Nf3 d5 4. Nc3 Nbd7 5. cxd5 exd5 6. Bg5 c6 7. Qc2 h6 8. Bh4 Be7 9. e3 O-O 10. Bd3 Re8 11. O-O Ne4 12. Bxe4 Bxh4 13. Bh7+ Kf8 14. Nxh4 Qxh4 15. Bd3 Qe7 16. Rfe1 Nf6 17. f3 Bd7 18. Qf2 c5 19. dxc5 Qxc5 20. e4 Qxf2+ 21. Kxf2 dxe4 1/2-1/2

[Event "BL 2425 SK Kirchweyhe - USV TU Dresden"]
[Site "?"]
[Date "2025.02.01"]
[Round "7.4"]
[White "Markus, Robert"]
[Black "Nisipeanu, Liviu-Dieter"]
[Result "1/2-1/2"]
[WhiteElo "2595"]
[BlackElo "2596"]
[PlyCount "40"]
[EventDate "2025.??.??"]

1. c4 e5 2. Nc3 Bb4 3. Nd5 Bc5 4. Nf3 c6 5. Nc3 d6 6. e3 Bb4 7. Qb3 Na6 8. Be2 Nf6 9. O-O O-O 10. d3 Bg4 11. Ne4 Nxe4 12. dxe4 Ba5 13. a3 Nc5 14. Qc2 Bc7 15. b4 Nd7 16. Bb2 Qe7 17. Rad1 Rfd8 18. Rfe1 Be6 19. Nd2 Nf6 20. Nb1 a6 1/2-1/2

[Event "BL 2425 SK Kirchweyhe - USV TU Dresden"]
[Site "?"]
[Date "2025.02.01"]
[Round "7.5"]
[White "Michalik, Peter"]
[Black "Stevic, Hrvoje"]
[Result "1/2-1/2"]
[WhiteElo "2567"]
[BlackElo "2542"]
[PlyCount "41"]
[EventDate "2025.??.??"]

1. d4 d5 2. c4 c6 3. cxd5 cxd5 4. Bf4 Nf6 5. e3 Nc6 6. Bb5 Bd7 7. Nf3 a6 8. Bxc6 Bxc6 9. Ne5 Rc8 10. Nc3 e6 11. Qb3 b5 12. O-O Bd6 13. a4 bxa4 14. Nxc6 axb3 15. Nxd8 Rxd8 16. Bxd6 Rxd6 17. Ra3 Ke7 18. Rxb3 Nd7 19. Ra1 Rb8 20. Rxb8 Nxb8 21. Kf1 1/2-1/2

[Event "BL 2425 SK Kirchweyhe - USV TU Dresden"]
[Site "?"]
[Date "2025.02.01"]
[Round "7.6"]
[White "Jovanovic, Zoran"]
[Black "Maiwald, Jens-Uwe"]
[Result "0-1"]
[WhiteElo "2511"]
[BlackElo "2415"]
[PlyCount "98"]
[EventDate "2025.??.??"]

1. e4 c6 2. Nf3 d5 3. Nc3 Bg4 4. Be2 e6 5. d4 Nf6 6. h3 Bxf3 7. Bxf3 Be7 8. O-O O-O 9. Be3 Nbd7 10. e5 Ne8 11. Ne2 Nc7 12. Nf4 c5 13. c3 Rc8 14. Be2 c4 15. Nh5 g6 16. Ng3 b5 17. Qd2 Rb8 18. Bd1 Rb6 19. Ne2 f6 20. exf6 Nxf6 21. Bc2 Nce8 22. Rfe1 Nd6 23. Ng3 Nf5 24. Bf4 Bd6 25. Nxf5 exf5 26. f3 Bxf4 27. Qxf4 b4 28. Qg5 Nh5 29. Qh6 Qh4 30. Qd2 bxc3 31. bxc3 Rb2 32. Rab1 Rxa2 33. Re5 Nf4 34. Rb7 Rf7 35. Rb8+ Kg7 36. Kh2 Nd3 37. Re2 Qf4+ 38. Qxf4 Nxf4 39. Rd2 Re7 40. h4 Re3 41. Rb7+ Kh6 42. g4 fxg4 43. fxg4 Rh3+ 44. Kg1 Rxh4 45. Kf2 Kg5 46. Re7 Rh2+ 47. Ke3 Rh3+ 48. Kf2 Rxc3 49. Re5+ Kh4 0-1

[Event "BL 2425 SK Kirchweyhe - USV TU Dresden"]
[Site "?"]
[Date "2025.02.01"]
[Round "7.7"]
[White "Neef, Maximilian"]
[Black "Kovacevic, Aleksandar"]
[Result "1/2-1/2"]
[WhiteElo "2469"]
[BlackElo "2447"]
[PlyCount "92"]
[EventDate "2025.??.??"]

1. d4 Nf6 2. Nc3 d5 3. Bf4 c5 4. e3 cxd4 5. exd4 Bg4 6. f3 Bd7 7. Nb5 Bxb5 8. Bxb5+ Nc6 9. c3 e6 10. Ne2 Bd6 11. O-O O-O 12. Qd2 a6 13. Bd3 Bxf4 14. Nxf4 b5 15. a3 e5 16. dxe5 Nxe5 17. Rad1 Qc7 18. Ne2 Rfe8 19. Nd4 Nc4 20. Bxc4 dxc4 21. Rfe1 h6 22. g3 Rad8 23. Rxe8+ Rxe8 24. Re1 Re5 25. Kg2 Nd7 26. Qf4 Qc5 27. Re4 Qd5 28. Qg4 Nc5 29. Qc8+ Kh7 30. Rxe5 Qxe5 31. Qf8 Ne6 32. Qxf7 Nxd4 33. cxd4 Qxd4 34. Qf5+ Kg8 35. Qc8+ Kf7 36. Qb7+ Ke8 37. Qc8+ Ke7 38. Qb7+ Qd7 39. Qe4+ Qe6 40. Qd4 Qe2+ 41. Kg1 Qe1+ 42. Kg2 Qe2+ 43. Kg1 Kf7 44. f4 Qe1+ 45. Kg2 Qe2+ 46. Kg1 Qe1+ 1/2-1/2

[Event "BL 2425 SK Kirchweyhe - USV TU Dresden"]
[Site "?"]
[Date "2025.02.01"]
[Round "7.8"]
[White "Kuegel, Tobias"]
[Black "Loxine, Jakov"]
[Result "1/2-1/2"]
[WhiteElo "2423"]
[BlackElo "2392"]
[PlyCount "42"]
[EventDate "2025.??.??"]

1. e4 c5 2. Nf3 Nc6 3. d4 cxd4 4. Nxd4 e5 5. Nb5 d6 6. N1c3 a6 7. Na3 Be7 8. Nc4 b5 9. Ne3 Nf6 10. Bd3 Nb4 11. Be2 O-O 12. O-O Be6 13. a3 Nc6 14. Bd3 Rb8 15. Ncd5 Qd7 16. c3 Bd8 17. Nxf6+ Bxf6 18. b4 Rfc8 19. a4 Ne7 20. axb5 axb5 21. Ra3 d5 1/2-1/2

[Event "BL 2425 SV Mülheim Nord - SF Bad Mergen"]
[Site "?"]
[Date "2025.02.01"]
[Round "7.1"]
[White "Kazakouski, Valery"]
[Black "Navara, David"]
[Result "1/2-1/2"]
[WhiteElo "2538"]
[BlackElo "2677"]
[PlyCount "169"]
[EventDate "2025.??.??"]

1. e4 c5 2. Nf3 d6 3. Bb5+ Bd7 4. Bxd7+ Qxd7 5. c4 Nf6 6. Nc3 g6 7. d4 cxd4 8. Nxd4 Bg7 9. f3 O-O 10. Be3 Nc6 11. O-O a6 12. a4 Rac8 13. b3 e6 14. Rc1 Rfd8 15. Qd2 d5 16. cxd5 exd5 17. Nxc6 Rxc6 18. Nxd5 Nxd5 19. exd5 Qxd5 20. Qxd5 Rxd5 21. Rxc6 bxc6 22. Rc1 Rd6 23. Rc4 h5 24. Kf2 Rd3 25. Rxc6 Rxb3 26. Rxa6 Rb2+ 27. Kg3 Rb4 28. a5 Bd4 29. Bg5 Ra4 30. Bd8 Kg7 31. Rc6 Be5+ 32. Kh3 g5 33. g3 f6 34. Rc2 Kg6 35. Kg2 g4 36. Bb6 h4 37. fxg4 hxg3 38. hxg3 Rxg4 39. Ra2 Rxg3+ 40. Kf1 Rb3 41. Bf2 Kf5 42. a6 Bb8 43. Ke2 Ke4 44. Ra4+ Kd5 45. Be3 Kc6 46. a7 Bxa7 47. Rxa7 f5 48. Kf3 Rb4 49. Rf7 Ra4 50. Rxf5 Kd6 51. Bc5+ Ke6 52. Rh5 Rc4 53. Ke3 Rg4 54. Bd4 Kd6 55. Kd3 Ke6 56. Kc4 Re4 57. Rh6+ Kf5 58. Kd5 Re1 59. Rf6+ Kg4 60. Be5 Rb1 61. Rf4+ Kg5 62. Rf8 Rb5+ 63. Ke4 Rb4+ 64. Bd4 Ra4 65. Rg8+ Kh4 66. Ke5 Kh3 67. Be3 Rg4 68. Ra8 Kg3 69. Ra3 Rg8 70. Bf4+ Kf2 71. Ke4 Re8+ 72. Be5 Ke2 73. Ra2+ Ke1 74. Ra5 Ke2 75. Ra2+ Ke1 76. Rh2 Re7 77. Kd4 Kf1 78. Bf4 Re2 79. Rh7 Kf2 80. Rf7 Ra2 81. Bd6+ Ke2 82. Rh7 Ra4+ 83. Kc3 Kf3 84. Kd3 Kg4 85. Rf7 1/2-1/2

[Event "BL 2425 SV Mülheim Nord - SF Bad Mergen"]
[Site "?"]
[Date "2025.02.01"]
[Round "7.2"]
[White "Fridman, Daniel"]
[Black "Pultinevicius, Paulius"]
[Result "1-0"]
[WhiteElo "2577"]
[BlackElo "2566"]
[PlyCount "97"]
[EventDate "2025.??.??"]

1. c4 e6 2. g3 d5 3. Bg2 Nf6 4. Nf3 dxc4 5. Qa4+ Nbd7 6. Qxc4 a6 7. Qb3 Rb8 8. O-O Bd6 9. d4 b5 10. Rd1 Qe7 11. a4 O-O 12. axb5 axb5 13. Ra7 c5 14. Ne5 Qd8 15. Nc6 Qb6 16. dxc5 Bxc5 17. Be3 Re8 18. Bxc5 Qxc5 19. Nxb8 Qxa7 20. Nc6 Qb6 21. Nc3 Ba6 22. Rd6 Kf8 23. Qb4 Qc5 24. Qxc5 Nxc5 25. Nb4 Bc8 26. Nxb5 Bd7 27. Nc6 Ra8 28. Nca7 Rb8 29. Bc6 Ne8 30. Rxd7 Nxd7 31. Bxd7 Nf6 32. Bc6 Rd8 33. Nc3 Rd2 34. b4 Rc2 35. b5 Rxc3 36. b6 Rb3 37. Nb5 Rb1+ 38. Kg2 Rd1 39. b7 Rd8 40. Nc7 Rb8 41. Na6 Nd7 42. e4 e5 43. Kh3 Ke7 44. Kg4 Kd6 45. Nxb8 Nxb8 46. Bd5 f6 47. Bg8 Kc7 48. Bxh7 Nd7 49. Bf5 1-0

[Event "BL 2425 SV Mülheim Nord - SF Bad Mergen"]
[Site "?"]
[Date "2025.02.01"]
[Round "7.3"]
[White "Laurusas, Tomas"]
[Black "Tregubov, Pavel V."]
[Result "1/2-1/2"]
[WhiteElo "2578"]
[BlackElo "2554"]
[PlyCount "102"]
[EventDate "2025.??.??"]

1. d4 d5 2. c4 c6 3. Nf3 Nf6 4. e3 Bg4 5. h3 Bf5 6. Nc3 e6 7. g4 Bg6 8. Ne5 Nbd7 9. Nxg6 hxg6 10. Bd2 Bb4 11. Qb3 Bxc3 12. Bxc3 Ne4 13. Bg2 Nxc3 14. Qxc3 O-O 15. h4 b5 16. c5 e5 17. dxe5 Qe7 18. O-O-O Qxe5 19. Qxe5 Nxe5 20. g5 Rae8 21. e4 dxe4 22. Bxe4 Ng4 23. Bxc6 Re5 24. Rd5 Rc8 25. Rxe5 Nxe5 26. Be4 Rxc5+ 27. Kd1 Nc4 28. b3 Nd6 29. Bd3 b4 30. f4 Kf8 31. h5 gxh5 32. Rxh5 Ra5 33. Rh2 Ke7 34. Rc2 Ke6 35. Kd2 f6 36. gxf6 gxf6 37. Ke3 Nf5+ 38. Ke4 Nd6+ 39. Kf3 Rh5 40. Bf1 Ra5 41. Bh3+ f5 42. Ke3 Ne4 43. Rc6+ Kd5 44. Rc4 Rxa2 45. Rxb4 Nd6 46. Rd4+ Ke6 47. Bf1 Ra3 48. Rb4 Kd5 49. Rd4+ Ke6 50. Rb4 Kd5 51. Rd4+ Ke6 1/2-1/2

[Event "BL 2425 SV Mülheim Nord - SF Bad Mergen"]
[Site "?"]
[Date "2025.02.01"]
[Round "7.4"]
[White "Beerdsen, Thomas"]
[Black "Razafindratsima, Timothe"]
[Result "1-0"]
[WhiteElo "2511"]
[BlackElo "2472"]
[PlyCount "115"]
[EventDate "2025.??.??"]

1. e4 c5 2. Nf3 e6 3. d4 cxd4 4. Nxd4 Nf6 5. Bd3 Nc6 6. Nxc6 bxc6 7. Bf4 d6 8. O-O e5 9. Bg3 Qb6 10. b3 g5 11. Nd2 h5 12. Nc4 Qd8 13. f3 h4 14. Be1 Nh5 15. Rf2 Qf6 16. Bf1 d5 17. exd5 Bc5 18. dxc6 O-O 19. Qd5 Bd4 20. c3 Rd8 21. Qa5 Bxf2+ 22. Bxf2 e4 23. c7 Re8 24. Bd4 Qg6 25. Ne5 Qd6 26. Nxf7 Kxf7 27. Bc4+ Kg6 28. Bd5 Bd7 29. Bxa8 Rxa8 30. Re1 Re8 31. Rxe4 Rxe4 32. fxe4 Nf4 33. Qf5+ Bxf5 34. exf5+ Kh5 35. c8=Q Qd5 36. Qe8+ Kg4 37. h3+ Kxf5 38. Qc8+ Ne6 39. Qg8 Qb7 40. Qh8 Qf7 41. Qe5+ Kg6 42. Qe4+ Kh6 43. Be3 Kg7 44. a4 Qd7 45. Bd4+ Kh6 46. Qf5 Qd6 47. Qf6+ Kh7 48. b4 Qd5 49. Qf7+ Kh6 50. Bg7+ Kh7 51. Bf8+ Kh8 52. Be7 Qd1+ 53. Kh2 Ng7 54. Bxg5 a5 55. Be3 Qd6+ 56. Qf4 Qe7 57. Bd4 axb4 58. cxb4 1-0

[Event "BL 2425 SV Mülheim Nord - SF Bad Mergen"]
[Site "?"]
[Date "2025.02.01"]
[Round "7.5"]
[White "Ikonnikov, Vyacheslav"]
[Black "Buckels, Valentin"]
[Result "1/2-1/2"]
[WhiteElo "2434"]
[BlackElo "2443"]
[PlyCount "76"]
[EventDate "2025.??.??"]

1. d4 d5 2. Nf3 Nf6 3. c4 e6 4. Nc3 Be7 5. Bg5 h6 6. Bh4 dxc4 7. e3 c5 8. Bxc4 cxd4 9. exd4 Nc6 10. O-O O-O 11. Bg3 Nh5 12. Be5 Bd7 13. Re1 Rc8 14. d5 exd5 15. Nxd5 Bc5 16. a3 Be6 17. Bc3 b5 18. Ba2 Bxd5 19. Qxd5 Qxd5 20. Bxd5 Nf4 21. Be4 Rfd8 22. Kf1 Nd5 23. Rac1 Nxc3 24. Rxc3 Ne7 25. Rec1 Bb6 26. Rxc8 Rxc8 27. Rxc8+ Nxc8 28. Bd3 Nd6 29. b3 Kf8 30. Nd2 Bd4 31. Ne4 Nxe4 32. Bxe4 Bb2 33. a4 bxa4 34. bxa4 a5 35. Ke2 g5 36. g3 Kg7 37. f4 gxf4 38. gxf4 f6 1/2-1/2